000
00303nam a2200121Ia 4500
008
220620s9999||||xx |||||||||||||| ||und||
100
_a
Carol K. Coburn
245
0
_a
Life at Four Corners
546
_a
English[eng]
650
_a
United States
856
_u
https://muse.jhu.edu/book/81134
942
_c
EB
999
_c
23264
_d
23264